FINANCIAL LITERACY IMPLIATIONS FOR RETIR (Record no. 19001)

MARC details
000 -LEADER
fixed length control field 00348nam a2200133Ia 4500
008 - FIXED-LENGTH DATA ELEMENTS--GENERAL INFORMATION
fixed length control field 240624s9999 xx 000 0 und d
041 ## - LANGUAGE CODE
Language code of text/sound track or separate title eng
082 ## - DEWEY DECIMAL CLASSIFICATION NUMBER
Classification number 332 MIT
100 ## - MAIN ENTRY--PERSONAL NAME
Personal name MITCHELL OLIVIA S
245 ## - TITLE STATEMENT
Title FINANCIAL LITERACY IMPLIATIONS FOR RETIR
260 ## - PUBLICATION, DISTRIBUTION, ETC.
Date of publication, distribution, etc. 2011
Place of publication, distribution, etc. New York
Name of publisher, distributor, etc. Oxford University Press
300 ## - PHYSICAL DESCRIPTION
Extent 328 : p.
365 ## - TRADE PRICE
Currency code GBP
Price amount 25
Holdings
Withdrawn status Lost status Damaged status Not for loan Home library Current library Shelving location Date acquired Source of acquisition Cost, normal purchase price Full call number Barcode Date last seen Copy number Price effective from Koha item type
        IMTN IMTN Rack 9-A 05/04/2012 AP 45.00 332 MIT 19001 06/24/2024 87.7 06/24/2024 Books
Designed & Maintained by: LRC IMT Nagpur Contact: lrc@imtnag.ac.in© 2024. All Rights Reserved.